A history of modern Lebanon /

Bibliographic Details
Main Author: Ṭarābulsī, Fawwāz
Format: Book
Language:English
Published: London ; Ann Arbor, MI : Pluto, 2007.
Subjects:

MARC

Tag First Indicator Second Indicator Subfields
LEADER 00000cam a2200000 a 4500
001 in00002232012
005 20151104183627.0
008 061031s2007 enkb b 001 0 eng
015 |a GBA695036  |2 bnb 
016 7 |a 013596761  |2 Uk 
020 |a 0745324371 (pbk.) 
020 |a 9780745324371 (pbk.) 
020 |a 074532438X (hbk.) 
020 |a 9780745324388 (hbk.) 
029 1 |a YDXCP  |b 2489498 
029 1 |a YDXCP  |b 2489499 
035 |a (OCoLC)ocm75714214 
035 |a (OCoLC)75714214 
040 |a UKM  |c UKM  |d BAKER  |d YDXCP  |d C#P  |d UtOrBLW 
049 |a TXAM 
050 4 |a DS84  |b .T37 2007 
082 0 4 |a 956.92  |2 22 
100 1 |a Ṭarābulsī, Fawwāz. 
245 1 2 |a A history of modern Lebanon /  |c Fawwaz Traboulsi. 
264 1 |a London ;  |a Ann Arbor, MI :  |b Pluto,  |c 2007. 
300 |a xi, 306 pages :  |b maps ;  |c 23 cm. 
336 |a text  |b txt  |2 rdacontent 
337 |a unmediated  |b n  |2 rdamedia 
338 |a volume  |b nc  |2 rdacarrier 
504 |a Includes bibliographical references (pages 277-287) and index. 
651 0 |a Lebanon  |x History  |y 1516- 
938 |a Baker & Taylor  |b BKTY  |c 27.95  |d 20.96  |i 0745324371  |n 0007047616  |s active 
938 |a Baker & Taylor  |b BKTY  |c 90.00  |d 90.00  |i 074532438X  |n 0007047617  |s active 
938 |a YBP Library Services  |b YANK  |n 2489499 
945 |a PromptCat  |b 119122 
946 |a stk 
947 |a A14835592241 
948 |a cataloged  |b h  |c 2007/4/25  |d c  |e dmartine  |f 3:44:57 pm 
994 |a 92  |b TXA 
999 |a MARS 
999 f f |s 8ae49e0d-02a7-31a7-add7-662256df9ef7  |i d77ca98e-874a-314b-99c3-7b0de9dd68ca  |t 0 
952 f f |p normal  |a Texas A&M University  |b College Station  |c Sterling C. Evans Library  |d Evans: Library Stacks  |t 0  |e DS84 .T37 2007  |h Library of Congress classification  |i unmediated -- volume  |m A14835592241 
998 f f |a DS84 .T37 2007  |t 0  |l Evans: Library Stacks